Statistics for Teams to score more Champions League goals than Ronaldo

Click here to take the quiz!

General Stats

  • This quiz has been taken 314 times
    (194 since last reset)
  • The average score is 19 of 23

Answer Stats

CL GoalsTeam% Correct
484Bayern Munich
100%
512Barcelona
100%
566Real Madrid
99%
304Juventus
98%
164Internazionale Milano
98%
373Manchester United
98%
281Arsenal
96%
277Chelsea
96%
209Liverpool
95%
193Borussia Dortmund
94%
213Paris Saint-Germain
93%
149Manchester City
87%
163Ajax
86%
253Porto
83%
210Lyon
82%
130Atletico Madrid
81%
231AC Milan
80%
133AS Roma
77%
165Valencia
74%
142Bayer Leverkusen
54%
132Dynamo Kyiv
35%
133Shakhtar Donetsk
33%
145Olympiacos
30%

Score Distribution

Percentile by Number Answered

Percent of People with Each Score

Your Score History

You have not taken this quiz since the last reset